Mafalda 6 /

Guardado en:
Autor Principal: Quino
Otros Autores: Lavado, Joaquín Salvador
Formato: Libro
Publicado: Buenos Aires : De la Flor
Materias:
Etiquetas: Agregar Etiqueta
Sin Etiquetas, Sea el primero en etiquetar este registro!
LEADER 00680nam a22002415a 4500
001 CEM.cems010960
005 20080131084654.0
008 130507b######################000#0#####d
003 CEMS
020 |a 9505156065 
082 0 4 |a A867.4 
100 1 |a Quino 
245 1 0 |a Mafalda 6 /  |c Quino [seudónimo]. 
260 |a Buenos Aires :  |b De la Flor 
300 |a 51 p. 
500 |a Quino es el seudónimo de Joaquín Salvador Lavado 
653 |a Humor 
653 |a Historieta argentina 
653 |a Historieta 
653 |a Literatura 
653 |a Literatura argentina 
700 1 |a Lavado, Joaquín Salvador 
859 |a CEMS  |b BIB. CEMS - 11 de abril  |h A867.4  |i Q45-1  |p 21753.02  |t Ej.1  |v 6  |3 6